[Event "USA Championship 2021"]
[Site "Saint Louis"]
[Date "2021.10.06"]
[Round "1.1"]
[White "Sevian, Samuel"]
[Black "Shankland, Sam"]
[Result "1/2-1/2"]
[WhiteElo "2654"]
[BlackElo "2714"]
[Annotator "TA"]
[PlyCount "60"]
[EventDate "2021.10.06"]
[EventCountry "USA"]
[SourceTitle "playchess.com"]
[Source "ChessBase"]
[SourceQuality "1"]

{[%evp 16,60,31,14,15,9,17,17,10,-25,-4,-8,20,22,25,0,0,0,0,0,0,0,0,0,0,0,20,0,0,0,0,0,0,0,0,0,0,0,0,0,0,0,0,0,0,0,0]} 1. e4 e5 2. Nf3 Nc6 3. Bb5 Nf6 4. O-O Nxe4 5. d4 Nd6 6. Bxc6 dxc6 7. dxe5 Nf5 8. Qxd8+ Kxd8 9. h3 Be7 {C67: Ruy Lopez: Berlin Defence: 4 0-0 Nxe4.} 10. Nc3 Nh4 {Black wants to play ...Nxf3+.} 11. Nxh4 Bxh4 12. g4 h5 13. f3 {[#]} f6 $146 ({Predecessor:} 13... Ke7 14. Kg2 f6 15. Bf4 Be6 16. exf6+ gxf6 17. Bxc7 f5 18. gxf5 Bxf5 19. Ne4 Rhg8+ {1-0 (38) Molnar,E (2098)-Kvassay,P (2027) Slovakia 2016}) 14. exf6 gxf6 15. Be3 Ke7 {The position is equal.} 16. Bf2 hxg4 17. hxg4 Be6 18. Rae1 Kf7 19. Bxh4 Rxh4 20. Kg2 Rg8 21. Rh1 (21. Ne4 {keeps more tension.} Rgh8 22. Nf2 Bc4 23. Rg1 c5 24. Kg3) 21... Rxh1 22. Rxh1 $11 {[%mdl 4096] Endgame KRB-KRN} Bf5 23. Rd1 Be6 24. Rh1 Bf5 25. Rd1 Be6 26. Rh1 Bf5 27. Rd1 Be6 28. Rh1 Bf5 29. Rd1 Be6 30. Rh1 Bf5 {Not much happened in this game.  Weighted Error Value: White=0.05/Black=0.04} 1/2-1/2

[Event "USA Championship 2021"]
[Site "Saint Louis"]
[Date "2021.10.06"]
[Round "1.2"]
[White "Robson, Ray"]
[Black "Naroditsky, Daniel"]
[Result "1-0"]
[WhiteElo "2669"]
[BlackElo "2623"]
[Annotator "TA"]
[PlyCount "95"]
[EventDate "2021.10.06"]
[EventCountry "USA"]
[SourceTitle "playchess.com"]
[Source "ChessBase"]
[SourceQuality "1"]

{[%evp 27,95,48,51,33,49,37,37,41,81,33,47,20,47,48,58,51,111,104,90,105,177,172,167,170,144,166,156,168,220,215,230,232,288,281,289,269,325,332,339,337,315,314,356,356,349,349,368,361,843,841,791,779,745,0,775,0,737,731,1096,1088,1066,1027,564,919,29983,29984,12844,12842,29986,29987]} 1. e4 Nf6 2. e5 Nd5 3. d4 d6 4. c4 Nb6 5. f4 dxe5 6. fxe5 Nc6 7. Be3 Bf5 8. Nc3 e6 9. Nf3 Be7 10. Be2 O-O 11. O-O f6 12. exf6 Bxf6 13. Qd2 {13.b3 gains popularity.} Qe7 14. Rad1 Rad8 15. Kh1 {B03: Alekhine's Defence: Four Pawns Attack.} h6 16. h3 Rd7 {[#]} 17. Qc1 $146 {White is slightly better.} ({Predecessor:} 17. c5 Nd5 18. Bg1 Qd8 19. Bh2 Rdf7 20. Bb5 Bg6 21. Qe2 Qe8 22. Rfe1 Re7 23. Ne4 {1-0 (52) Byrne,M-Bradney,R (1871) ICCF email 2017}) 17... Re8 18. Rd2 Qd8 {[%cal Rf6d4]} 19. Rfd1 Kh8 20. b3 Bh7 21. Bg1 Nc8 {White leaves nothing to chance now.} (21... Bg6 $14) 22. d5 $16 exd5 23. Nxd5 Be4 (23... Be5 $16 {was necessary.}) 24. Nxf6 $18 Rxd2 25. Nxd2 ({Not} 25. Rxd2 Qxf6 26. Qb2 Qg6 $11) (25. Nxe8 $6 Rxd1 26. Bxd1 (26. Qxd1 Qxe8 27. Bh2 Qe7 $14) 26... Qxe8 $14) 25... Bxg2+ 26. Kxg2 Rxe2+ 27. Kf1 {[#] Nde4 is the strong threat.} Rxd2 (27... Re6 $142 28. Nd5 Qg5) 28. Rxd2 $40 {[%mdl 128] White is out for blood.} ({Don't play} 28. Qxd2 $6 Qxf6+ 29. Qf2 Qe6) 28... Qxf6+ 29. Rf2 Qd8 30. Qd2 {Strongly threatening Qxd8+.} Qe8 31. Qf4 {aiming for Qf8+.} Kg8 32. Qxc7 Qe6 33. Qg3 ({Inferior is} 33. Qxb7 Qxh3+ 34. Ke2 Qg4+ 35. Kf1 Qh3+ 36. Rg2 N8e7 $11) 33... Nd6 {intending ...Nf5.} 34. Qg4 Qe7 35. Bh2 Nf7 36. Qc8+ Kh7 37. Qc7 Qe4 (37... Qxc7 38. Bxc7 Ng5) 38. Qxf7 Qh1+ 39. Ke2 Qe4+ 40. Kf1 Qh1+ 41. Ke2 Qe4+ 42. Kd2 Nd4 43. Qf4 Qc2+ 44. Ke3 Qc3+ 45. Ke4 Ne6 46. Qf5+ {[%mdl 64] Double Attack} Kh8 47. Be5 Ng5+ {[#]} 48. Qxg5 $3 {[%csl Ge5][%cal Rg5g7][%mdl 512] Weighted Error Value: White=0.38/Black=0.25} 1-0

[Event "USA Championship 2021"]
[Site "Saint Louis"]
[Date "2021.10.06"]
[Round "1.3"]
[White "Xiong, Jeffery"]
[Black "So, Wesley"]
[Result "1/2-1/2"]
[WhiteElo "2700"]
[BlackElo "2778"]
[Annotator "TA"]
[PlyCount "96"]
[EventDate "2021.10.06"]
[EventCountry "USA"]
[SourceTitle "playchess.com"]
[Source "ChessBase"]
[SourceQuality "1"]

{[%evp 13,96,0,0,0,0,0,0,0,0,0,0,0,0,0,0,0,0,0,0,0,0,0,0,0,2,0,2,2,3,3,5,10,1,1,39,26,38,31,48,43,57,39,56,33,52,12,12,12,12,12,16,13,14,14,64,64,65,59,58,26,39,0,0,0,0,0,0,0,0,0,0,0,0,0,0,0,3,0,0,0,3,0,0,0,7]} 1. d4 Nf6 2. c4 e6 3. Nc3 Bb4 4. Qc2 O-O 5. e4 d5 6. e5 Ne4 7. Bd3 c5 $1 {[%cal Rc5d4]} 8. Nf3 $1 {The main line 8.Nf3 scores better than 8.Nge2. E32: Nimzo-Indian: Classical (4 Qc2): 4...0-0.} cxd4 9. Nxd4 Nd7 10. Bf4 Qh4 11. g3 Qh5 12. O-O g5 13. cxd5 Bxc3 14. bxc3 exd5 15. Be3 Nxe5 16. f3 Nc5 17. Bf5 Ne6 18. Rae1 Nxd4 19. Bxd4 Nc6 {[#]} 20. f4 $146 ({Predecessor:} 20. Bc5 Bxf5 21. Qxf5 Rfe8 22. Rxe8+ Rxe8 23. Qd7 Re2 24. Qc8+ Kg7 25. Qf8+ Kg6 26. Qg8+ Kf6 27. Qh8+ Kg6 28. Qg8+ Kf6 29. Qh8+ Kg6 30. Qg8+ {½-½ (30) Mamedyarov,S (2767)-Navara,D (2717) Batumi 2019}) 20... gxf4 21. Rxf4 {Hoping for Rg4+.} Bxf5 22. Rxf5 Nxd4 23. cxd4 Qh6 (23... Qg4 {feels hotter.} 24. Rf4 Qd7 25. Re5 f6 26. Ref5 Rae8) 24. Qc7 Rac8 25. Qe5 f6 26. Qxd5+ Kh8 27. Rf2 Rc1 28. Qe6 Rd8 29. d5 Rxd5 {...Re5! is the strong threat.} 30. Kg2 {Intending Qe8+ and mate.} Rxe1 31. Qc8+ {[%mdl 64] [#] Double Attack} Kg7 32. Qxb7+ {[%mdl 64] Double Attack} Kg6 33. Qxd5 $11 {[%mdl 4096] Endgame KQR-KQR} Re7 (33... Qf8 {is interesting.} 34. Qf5+ Kg7 35. Qg4+ Kf7 36. Rd2 Re7) 34. Rf4 Qg5 35. Qg8+ Rg7 36. Qe8+ Rf7 $1 37. h4 Qd5+ {The position is equal.} 38. Kh2 Qd2+ 39. Kh3 Qd7+ {[%mdl 64] [#] Double Attack} 40. Rg4+ Kh5 41. Qxd7 Rxd7 {KR-KR} 42. Ra4 Kg6 43. Kg4 h5+ 44. Kf4 Re7 45. Ra5 Rc7 46. Ra4 Re7 47. Ra5 Rc7 48. Ra4 Re7 {Weighted Error Value: White=0.05/Black=0.03} 1/2-1/2

[Event "USA Championship 2021"]
[Site "Saint Louis"]
[Date "2021.10.06"]
[Round "1.4"]
[White "Swiercz, Dariusz"]
[Black "Burke, John M"]
[Result "0-1"]
[WhiteElo "2647"]
[BlackElo "2554"]
[Annotator "TA"]
[PlyCount "94"]
[EventDate "2021.10.06"]
[EventCountry "USA"]
[SourceTitle "playchess.com"]
[Source "ChessBase"]
[SourceQuality "1"]

{[%evp 13,94,15,18,20,29,29,26,23,34,27,38,51,70,22,30,27,55,-68,-56,-59,56,12,20,18,18,10,25,0,19,-10,61,43,45,38,293,7,25,0,0,0,0,0,0,0,0,0,0,0,0,-22,52,-7,-8,-26,0,-101,-107,-99,-110,-104,-55,-133,-33,-183,-179,-194,-173,-615,-614,-1236,-1147,-1343,-1290,-1185,-1080,-1972,-1833,-1617,-2231,-4943,-2829,-2164,-3017]} 1. e4 e5 2. Nf3 Nc6 3. Bb5 a6 4. Ba4 Nf6 5. d3 b5 6. Bb3 Bc5 7. c3 {is currently scoring better than 7.0-0.} d6 8. Bg5 {C77: Ruy Lopez: 3...a6 4 Ba4 Nf6, unusual lines.} h6 9. Bh4 g5 10. Bg3 {White has an edge.} Ba7 $5 {[%mdl 4] An interesting side line.} 11. Nbd2 {[#]} Ne7 $5 $146 {[%mdl 8] New and interesting.} ({Predecessor:} 11... Na5 12. Bc2 Nh5 13. b4 Nxg3 14. hxg3 Nc6 15. Bb3 Qf6 16. Qe2 Rb8 17. a4 Bb6 {0-1 (92) Sjugirov,S (2663)-Petrosyan,M (2625) Chess.com INT 2021}) 12. d4 exd4 13. cxd4 (13. Nxd4 $5 {[%cal Rd1f3]} Bg4 14. f3 $14) 13... g4 {[#]} 14. e5 $1 Nh5 ({Much weaker is} 14... gxf3 $6 15. Qxf3 Be6 16. Qxf6 $16) (14... dxe5 15. Bxe5) 15. Nh4 (15. exd6 $1 $14 cxd6 16. Ne4) 15... Nxg3 $15 16. hxg3 d5 (16... Bxd4 $15 17. e6 Bxe6 18. Bxe6 fxe6 19. Qxg4 Bxb2) 17. Nf1 Be6 18. Ne3 Qd7 19. Qd3 O-O-O $1 20. a4 {Hoping for axb5.} Kb7 21. Bc2 c6 (21... b4 $11) 22. O-O Rhf8 23. Rfe1 f6 $2 {[%mdl 8192]} (23... b4 $14) 24. exf6 $2 ({White must play} 24. axb5 $18 fxe5 25. bxa6+ Ka8 26. dxe5) 24... Rxf6 $11 25. axb5 (25. b4 {is more complex.} Qd6 26. Qc3 Bd7 27. Re2 Rf7 28. Bd3) 25... cxb5 26. Qa3 Qd6 27. Nxg4 {[%mdl 64] Pin} Qxa3 28. Rxa3 Bxg4 29. Rxe7+ Rd7 30. Rxd7+ Bxd7 31. Rd3 Re6 ({Black should play} 31... Rc6 $11 32. Bb3 Kc7) 32. Kf1 ({Better is} 32. Rd2 $14) 32... b4 {And now ...Bb5 would win.} 33. Rd1 a5 {[%cal Ba6a5,Ba5a4][%mdl 32]} 34. Nf5 (34. b3 $11 {keeps the balance.}) 34... Bb5+ $1 $17 35. Bd3 Bxd3+ 36. Rxd3 {[%mdl 4096] Endgame KRB-KRN} a4 37. Rd1 {[#]} (37. f3 $15) 37... Kc6 (37... Ka6 $1 $17) 38. g4 {[#]} ({White should try} 38. Ne3 $1 $15) 38... Kb5 $1 $19 39. Ne3 Re4 40. Rc1 $2 (40. Nf5 Rxg4 41. g3) 40... Bxd4 {[%mdl 64] Double Attack. Black is clearly winning.} 41. Nxd5 Bxb2 42. Nc7+ Ka5 43. Rc6 b3 44. Rxh6 a3 45. Ra6+ Kb4 46. f3 Re5 47. f4 Ra5 {Weighted Error Value: White=0.86/Black=0.29} 0-1

[Event "USA Championship 2021"]
[Site "Saint Louis"]
[Date "2021.10.06"]
[Round "1.5"]
[White "Lenderman, Aleksandr"]
[Black "Dominguez Perez, Leinier"]
[Result "1/2-1/2"]
[WhiteElo "2607"]
[BlackElo "2760"]
[Annotator "TA"]
[PlyCount "124"]
[EventDate "2021.10.06"]
[EventCountry "USA"]
[SourceTitle "playchess.com"]
[Source "ChessBase"]
[SourceQuality "1"]

{[%evp 12,124,21,16,15,19,38,35,25,12,11,13,13,15,54,44,29,38,45,58,92,100,201,202,229,231,142,90,89,66,64,70,43,49,50,50,52,53,49,49,123,122,114,112,134,123,116,137,117,76,64,85,93,74,95,58,49,15,15,16,25,17,18,19,31,27,27,27,29,24,21,21,25,28,41,36,40,0,0,0,0,0,0,0,0,0,0,0,0,0,2,0,4,2,2,3,10,6,6,6,10,10,10,0,11,0,12,2,3,0,19,0,10,0,19]} 1. d4 Nf6 2. c4 e6 3. Nf3 d5 4. Nc3 Be7 5. Bf4 O-O 6. e3 b6 7. Bd3 dxc4 {Nowadays more popular than 7...Bb7. D37: Queen's Gambit Declined: 5 Bf4.} 8. Bxc4 Ba6 9. Bxa6 Nxa6 {White is slightly better.} 10. Qe2 Qc8 11. O-O c5 12. e4 Rd8 13. d5 exd5 14. exd5 Qb7 15. Rad1 {[#]} h6 $146 ({Predecessor:} 15... Nb4 16. d6 Bf8 17. Be5 Nd7 18. Bg3 Re8 19. Qc4 Rad8 20. Nb5 Nf6 21. Nc7 Re4 {1-0 (57) Dardha,D (2485)-Di Benedetto,E (2386) Villorba 2021}) 16. Be5 Ng4 {[#]} (16... Re8 $16) 17. Bg3 $1 $18 Nf6 18. d6 Bf8 19. Qc4 (19. Bh4 $142) 19... Nb4 $16 20. Rfe1 Qa6 21. Qxa6 Nxa6 22. a3 Nb8 23. Ne5 $36 {[%mdl 2048] White fights for an advantage.} a6 $1 24. Bh4 g5 25. Bg3 Nbd7 ({Black should try} 25... Kg7 $14) 26. Nc6 Re8 27. Ne7+ Kh7 28. f4 gxf4 29. Bxf4 b5 30. Ncd5 Nxd5 31. Rxd5 c4 32. Re3 Rad8 33. Rf5 f6 34. Rg3 {Black must now prevent Rh5.} Bxe7 35. dxe7 Rxe7 36. Rh5 {[%csl Gf4][%cal Rh5h6]} Rg7 37. Rxg7+ Kxg7 $11 {[%mdl 4096] Endgame KRB-KRN} 38. Rd5 {Threatens to win with Bc7.} Kf7 $1 39. Bc7 Ke6 {Hoping for ...Rc8.} 40. Rd6+ {[%mdl 64] [#] Double Attack} Ke7 {...Rc8 is the strong threat.} 41. Rxa6 Rc8 42. Ba5 Kf7 43. Bc3 Rc5 44. Rd6 Ke7 {The position is equal.} 45. Rd4 {Strongly threatening Bb4.} Ke6 46. h3 h5 47. Kh2 Ne5 48. Rd8 Nd7 49. Rh8 Rf5 50. Rc8 Rc5 51. Ra8 Rd5 52. a4 bxa4 $1 53. Rxa4 Rc5 54. Ra6+ Kf5 55. Rd6 Ne5 56. Kg3 Rc8 57. Kh2 Rb8 58. Rd4 Rc8 59. Rh4 Kg5 60. Rd4 Kf5 61. Rh4 Kg5 62. Rd4 Kf5 {Weighted Error Value: White=0.06/Black=0.07} 1/2-1/2

[Event "USA Championship 2021"]
[Site "Saint Louis"]
[Date "2021.10.06"]
[Round "1.6"]
[White "Caruana, Fabiano"]
[Black "Bruzon Batista, Lazaro"]
[Result "1/2-1/2"]
[WhiteElo "2800"]
[BlackElo "2645"]
[Annotator "TA"]
[PlyCount "88"]
[EventDate "2021.10.06"]
[EventCountry "USA"]
[SourceTitle "playchess.com"]
[Source "ChessBase"]
[SourceQuality "1"]

{[%evp 9,88,0,0,-10,7,1,21,32,35,0,0,0,0,-14,-16,-27,-28,-18,-33,-52,-55,-60,-48,-106,-114,-108,-113,-103,-104,-104,-102,-112,-74,-68,-60,-53,-31,-31,-23,-31,-34,-30,0,0,0,-42,-50,-67,-68,-76,-74,-68,-64,-93,-77,-122,-99,-93,-61,-61,-62,-64,-57,-52,-53,-50,-33,-37,-36,-33,-40,-39,-9,-9,0,-37,0,-8,0,-61,0]} 1. e4 e5 2. Nf3 Nc6 3. Bb5 Nf6 4. d3 Bc5 5. Bg5 h6 6. Bh4 {C65: Ruy Lopez: Berlin Defence (3...Nf6), unusual lines and 4 0-0 Bc5.} Be7 $5 {[%mdl 4] Exploring less charted territory.} 7. Nc3 d6 8. d4 {The position is equal.} Bd7 9. Bg3 {[%cal Rd4e5]} exd4 10. Nxd4 O-O {[#]} 11. Nb3 $146 ({Predecessor:} 11. O-O Nxd4 12. Qxd4 Bxb5 13. Nxb5 Nh5 14. c4 Re8 15. Qd5 Nxg3 16. fxg3 Bf6 17. Qxb7 a6 18. Nxc7 {0-1 (46) Koshaev,V (2015)-Frolov,D (2399) Novosibirsk 1999}) 11... a6 12. Be2 Re8 13. Qd2 b5 {[%cal Bb7b5,Bb5b4][%mdl 32] ...b4 is the strong threat.} 14. f3 b4 15. Nd5 Nxd5 16. exd5 {[#]} (16. Qxd5 $15 Rf8 17. O-O-O) 16... Bg5 $1 $17 17. f4 {[#]} Bg4 $1 18. Nc1 Bf6 19. O-O {[#]} Bxe2 20. Nxe2 Ne7 21. c4 bxc3 22. Nxc3 Bxc3 23. bxc3 Qd7 24. c4 Nf5 25. Bf2 Re4 26. Rae1 Rae8 27. g3 Rxc4 28. Qd3 Rxe1 29. Rxe1 Ra4 30. Rb1 f6 $1 ({And not} 30... Rxa2 31. g4 $16) 31. a3 Ne7 32. Rb8+ Kf7 33. Rb7 Ra5 34. Qc3 Rxd5 {White must now prevent ...Rd1+.} 35. Rxc7 Rd1+ 36. Kg2 Qb5 {Hoping for ...Qf1+.} 37. Qc4+ ({But not} 37. Qe3 $2 Qf1+ 38. Kf3 {[#]} Rd3 $1 $19) 37... Qxc4 38. Rxc4 $15 {[%mdl 4096] Endgame KRB-KRN} a5 39. Ra4 $1 Rd5 40. Bb6 $1 Nc6 41. Rc4 Ne7 42. Ra4 $1 Nc6 43. Rc4 Ne7 (43... Rd2+ $11 44. Kh3 Ne7) 44. Ra4 $1 Nc6 {Weighted Error Value: White=0.08/Black=0.07} (44... Rd2+ $15 45. Kg1 d5) 1/2-1/2

[Event "USA Championship 2021"]
[Site "Saint Louis"]
[Date "2021.10.07"]
[Round "2.1"]
[White "Dominguez Perez, Leinier"]
[Black "Caruana, Fabiano"]
[Result "1/2-1/2"]
[WhiteElo "2760"]
[BlackElo "2800"]
[Annotator "TA"]
[PlyCount "215"]
[EventDate "2021.10.06"]
[EventCountry "USA"]
[SourceTitle "playchess.com"]
[Source "ChessBase"]
[SourceQuality "1"]

{[%evp 26,215,39,53,50,58,42,21,23,31,31,27,31,28,27,20,21,31,30,33,25,11,10,14,11,11,39,26,57,47,91,91,95,93,106,88,131,131,119,129,140,137,139,88,272,281,305,286,264,264,191,126,125,73,143,141,145,132,145,135,194,168,168,142,154,153,181,146,146,0,157,170,189,185,185,185,184,161,156,156,155,146,154,138,146,146,146,138,138,138,146,146,146,146,146,146,146,140,147,129,140,106,106,106,106,106,120,0,120,106,127,127,132,146,147,64,64,64,64,0,0,0,0,0,16,8,64,64,64,64,64,64,64,64,64,64,64,64,64,64,64,0,0,0,64,64,64,50,50,50,64,64,64,0,51,40,41,41,41,0,41,0,41,26,64,51,51,40,40,42,64,42,43,26,26,0,0,0,26,26,26,0,0,0,0,0,0,0,0,0,0,0]} 1. e4 e5 2. Nf3 Nc6 3. Bb5 a6 4. Ba4 Nf6 5. O-O Nxe4 6. d4 b5 7. Bb3 d5 8. dxe5 Be6 9. c3 Bc5 10. Nbd2 O-O 11. Bc2 Bf5 12. Nb3 Bg6 13. Nfd4 Bxd4 14. Nxd4 Nxd4 {C82: Open Ruy Lopez: 9 c3 without 9...Be7.} 15. cxd4 c5 16. f3 cxd4 17. Qxd4 Rc8 18. Bb3 ({Reject} 18. fxe4 Rxc2 19. exd5 Rc4 $15) 18... Nc5 19. Be3 (19. Bxd5 $2 Ne6 $17) 19... Bd3 20. Rfd1 Nxb3 21. axb3 Bc2 {[%mdl 64] [#] Double Attack} 22. Rdc1 $146 {[%mdl 2048] White has the initiative.} ({Predecessor:} 22. Rd2 Bxb3 23. Qb4 Ba4 24. Bc5 Re8 25. Qd4 Bb3 26. Rxa6 Qc7 27. Ra3 Qxc5 28. Rxb3 Rxe5 29. Qxc5 Rxc5 {0-1 (58) Berg,E (533)-Sulskis,S (2537) Germany 2014}) 22... Bxb3 23. Rxa6 Rxc1+ 24. Bxc1 Qc8 25. Ra1 Qc4 26. Be3 Bc2 27. e6 f6 28. Qa7 Bg6 29. Rc1 Qe2 30. h3 $1 {Threatens to win with Rc7.} d4 31. Qxd4 Re8 32. Rc6 $1 Qd3 33. Qa7 Kh8 34. Kh1 (34. Bd4 $142) 34... Bh5 $2 (34... Qb3 $16) 35. Qc5 $18 Bg6 36. Rc8 $1 {[%cal Rc8e8] Intending Rxe8+ and mate.} h6 37. Rxe8+ Bxe8 38. Bxh6 Kh7 $16 39. Be3 ({White should play} 39. Bc1) 39... Qb1+ (39... Qb3 $142) 40. Bc1 Qa2 41. Qe3 Qd5 42. Bd2 Kg6 (42... Qd6 $16 43. Bc3 Kg8) 43. Bc3 Bc6 44. Bd4 Kh7 45. Kg1 Qc4 46. Kh2 Qd5 47. Kg1 Qc4 $1 48. h4 Bd5 49. e7 Bc6 50. h5 Be8 51. h6 Qc6 52. hxg7 Kxg7 53. b4 Qd5 54. Kf2 Kf7 55. Bc5 Kg6 56. Qf4 Qa2+ 57. Kg3 Qe6 58. Qd2 Qe5+ {[#]} 59. Kf2 $1 Kg7 60. Bd6 Qe6 61. Qf4 Kg6 62. g4 Qa2+ 63. Kg3 Qe2 64. Qc1 Kf7 65. Qh1 Kg7 66. Qc1 Kf7 $1 67. Qc3 Qd1 68. Bc5 {Black must now prevent Qe3.} Qe2 69. Qb3+ Kg7 {[#]} 70. Qd5 (70. Qe3 $1 $16 {[%cal Re3e2]} Qxe3 71. Bxe3) 70... Qe1+ $14 71. Kg2 {Hoping for Qd3.} Qe2+ 72. Kh3 (72. Bf2 $1 $14) 72... Qf1+ $1 $11 73. Kh2 Qe2+ $1 74. Kg3 (74. Kg1 {with more complications.} Qe1+ 75. Kg2) 74... Qe1+ 75. Bf2 Qxe7 (75... Qxb4 $11 76. Qe6 Qc3) 76. Qd2 (76. Qd4 {feels hotter.} Bc6 77. Be3 Kf7 78. Qd2 Qe5+ 79. Kg2) 76... Qe5+ 77. Kg2 Bc6 78. Bd4 Qe6 {Threatening ...Qxg4+.} 79. Kf2 Qd6 80. Qg5+ Kf7 81. Qh5+ Kg7 82. Be3 {White threatens Bh6+ and mate.} Qd3 $1 83. Bh6+ (83. Qc5 $14 Qd5 84. Qxd5 Bxd5 85. Bd4) 83... Kg8 84. Be3 Qc2+ (84... Kg7 $1 $11) 85. Kg3 $14 Qd3 86. Qh6 Kf7 87. Qf4 {Strongly threatening Bd4.} Qd1 88. Qc7+ Qd7 89. Qf4 Qd1 $1 90. Bf2 {g5 is the strong threat.} Kg6 91. Qf5+ (91. Kg2 {seems wilder.} Qd3 92. Qe3 Qc4 93. Qd4 Qxd4 94. Bxd4 f5 95. Kg3) 91... Kg7 92. Qf4 {And now g5 would win.} Kg6 $1 93. Qf5+ (93. Bd4 {with more complications.} Qe1+ 94. Kg2 Qe2+ 95. Bf2 Qd3 96. Qe3) 93... Kg7 94. Kg2 Qd5 95. Qf4 Qe5 96. Qd2 (96. Be3 {is interesting.} Qb2+ 97. Kf1 Qe5 98. Qh6+ Kf7 99. Bc5) 96... Qe6 97. Qd4 Qd5 98. Qc3 Qe6 99. Kf1 Qd5 100. Ke2 (100. Bd4 {keeps more tension.} Qxf3+ 101. Qxf3 Bxf3 102. g5 Kg6 103. Bxf6 Kf5 104. Kf2) 100... Qa2+ 101. Kf1 Qd5 102. g5 Qxf3 103. gxf6+ (103. Qxf3 {looks sharper.} Bxf3 104. Bd4 Kg6 105. Kf2 Bd5 106. Bxf6 Kf5 107. Ke3) 103... Qxf6 {The position is equal.} 104. Qxf6+ Kxf6 $11 {KB-KB} 105. Ke1 Kf7 106. Kf1 Kf6 107. Ke1 Kf7 108. Kf1 {Black defended with fortune.  Weighted Error Value: White=0.11/Black=0.12} 1/2-1/2

[Event "USA Championship 2021"]
[Site "Saint Louis"]
[Date "2021.10.07"]
[Round "2.3"]
[White "So, Wesley"]
[Black "Swiercz, Dariusz"]
[Result "1-0"]
[WhiteElo "2778"]
[BlackElo "2647"]
[Annotator "TA"]
[PlyCount "63"]
[EventDate "2021.10.06"]
[EventCountry "USA"]
[SourceTitle "playchess.com"]
[Source "ChessBase"]
[SourceQuality "1"]

{[%evp 10,63,25,25,22,20,36,32,31,38,39,0,0,0,0,7,0,0,0,0,27,27,18,21,25,31,42,40,50,66,66,62,55,48,177,179,269,260,324,321,436,429,447,295,454,446,500,511,507,492,752,738,775,762,696,647]} 1. e4 c5 2. Nf3 d6 3. Bb5+ Bd7 4. Bxd7+ Qxd7 5. c4 Nf6 6. Nc3 Nc6 {B52: Sicilian: Moscow Variation with 3...Bd7.} 7. d4 $1 {The main line 7.d4 scores better than 7.0-0.} Qg4 {And now ...cxd4 would win.} 8. d5 Nd4 {White is slightly better.} 9. Nxd4 {aiming for Qa4+.} Qxd1+ ({Reject} 9... cxd4 10. Qxg4 Nxg4 11. Nb5 $16) 10. Nxd1 {Strongly threatening Nb5.} cxd4 11. f3 {[#]} Rc8 $146 ({Predecessor:} 11... e5 12. Bg5 Be7 13. Bxf6 Bxf6 14. a4 Kd7 15. Ke2 Rhc8 16. b3 Bd8 17. Nb2 Ba5 {½-½ (32) Ma,Q (2559)-Li,C (2686) Xinghua 2013}) 12. b3 e5 13. g4 Be7 14. Ke2 h5 15. g5 Nd7 16. Bd2 O-O 17. Nf2 a6 18. Nd3 f5 19. gxf6 gxf6 20. Rhg1+ Kh7 21. Rg3 h4 {[#] A mistake that costs the game.} (21... Rg8 $14) 22. Rg4 $1 $18 {[%cal Rg4h4]} f5 (22... Rg8 {was worth a try.} 23. Rxh4+ Kg7 24. Rg1+ Kf8) 23. exf5 Rxf5 24. Rag1 {Threatens to win with Rg7+.} Re8 25. Nf2 Nf6 26. Rg7+ Kh8 27. Rf7 {White is clearly winning.} Rh5 {If only Black now had time for ...Rh7....} 28. Rg6 Ng8 29. Ne4 Rd8 (29... Rh7 $142) 30. Bg5 Rh7 {[#]} 31. Rxe7 $1 {[%mdl 512]} Rxe7 32. Bxh4 {Weighted Error Value: White=0.01/Black=0.33} 1-0

[Event "USA Championship 2021"]
[Site "Saint Louis"]
[Date "2021.10.07"]
[Round "2.4"]
[White "Naroditsky, Daniel"]
[Black "Xiong, Jeffery"]
[Result "1-0"]
[WhiteElo "2623"]
[BlackElo "2700"]
[Annotator "TA"]
[PlyCount "103"]
[EventDate "2021.10.06"]
[EventCountry "USA"]
[SourceTitle "playchess.com"]
[Source "ChessBase"]
[SourceQuality "1"]

{[%evp 9,103,3,4,8,17,3,12,0,4,0,0,0,26,17,9,13,20,16,36,21,54,10,26,16,13,0,50,54,62,43,62,62,55,58,70,72,71,66,91,77,60,78,76,77,72,82,68,50,21,18,23,29,112,118,109,90,84,82,83,83,102,95,93,102,141,137,176,163,163,169,162,176,264,269,273,275,274,273,285,271,557,549,700,594,666,664,876,858,835,824,1814,1616,3133,2280,29981,29972]} 1. d4 Nf6 2. Nf3 d5 3. e3 c5 4. Nbd2 e6 5. b3 b6 6. Bb2 {D05: Colle System with ...e6.} Bd6 7. Bd3 cxd4 8. exd4 {The position is equal.} Ba6 9. c4 O-O 10. O-O Nbd7 11. Ne5 Rc8 12. f4 Bb7 13. Qe2 Rc7 14. Rae1 {[#]} Qa8 $146 ({Predecessor:} 14... g6 15. cxd5 Bxd5 16. Ndc4 Bb4 17. Rd1 Qa8 18. Ne3 Be4 19. Nxd7 Rxd7 {1-0 (80) Ozkan,T (2019)-Szabo,B (2376) Marmaris 2019}) 15. f5 {With the idea Nxd7.} exf5 16. Rxf5 Re8 17. Ref1 Re6 18. cxd5 Bxd5 19. Ndc4 $1 Nxe5 20. dxe5 Bc5+ 21. Kh1 Ne4 {Strongly threatening ...Ng3+!} 22. R5f4 {[%cal Rd3e4]} f5 23. b4 $1 {[%cal Rb4c5]} ({Don't blunder} 23. Rxf5 $2 Ng3+ $1 {[%mdl 512]} 24. hxg3 Rh6+ 25. Rh5 Bxg2+ $1 {[%mdl 512]} 26. Kh2 Bxf1 $19) 23... Bxb4 24. Ne3 g6 ({Wrong is} 24... Bxa2 $2 25. Nxf5 Nc5 26. Rxb4 $18) 25. a3 Be7 26. Nxd5 Qxd5 27. Qf3 $1 {[%cal Rd3e4]} Nc3 {[#]} 28. Bc4 $1 Rxc4 29. Qxd5 Nxd5 30. Rxc4 b5 {Black is on the road to losing.} (30... Bc5 $1 $11 {remains equal.}) 31. Rc8+ $16 Kf7 32. Rf3 $36 {[%mdl 2048] White is in control.} Nb6 33. Rc7 Nc4 34. Bc3 Nxe5 35. Rh3 h5 36. Rxa7 f4 37. Rb7 Rc6 {Black wants to play ...f3.} 38. Rxb5 Bf6 39. Rb1 Ng4 {[#] Hoping for ...Nf2+.} 40. Be1 Rc2 (40... Bd4 $142 41. Rhb3 Rc2) 41. Rf3 $18 g5 42. h3 Ne5 {[#]} 43. Rf2 {[%cal Rf2c2]} Rc4 44. Ra2 f3 $2 (44... Ra4 {was called for.} 45. Bc3 Kg6) 45. a4 {[%cal Ba3a4,Ba4a5,Ba5a6,Ba6a7][%mdl 32]} Re4 {If only Black now had time for ...Nd3....} 46. Bg3 fxg2+ 47. Kxg2 Nd3 48. a5 h4 {[#]} 49. a6 $1 hxg3 (49... Bd4 50. a7) 50. a7 Nf4+ 51. Kxg3 Re3+ 52. Kg4 {Weighted Error Value: White=0.05/Black=0.42} 1-0